Les princesses Disney - Statistiques

Statistiques générales
  • Ce quiz a été pris 261 fois
    87 depuis la dernière actualisation
  • Le résultat moyen est 15 sur 15
Statistiques - réponses
Question Réponse % Correct
Comment s'appelle la petite sirène ? Ariel
100%
Quelle princesse tombe amoureuse d'une bête ? Belle
99%
Quelle princesse rencontre des nains ? Blanche neige
99%
Quelle princesse perd sa chaussure ? Cendrillon
99%
Comment s'appelle la reine des neiges? Elsa
99%
Comment s'appelle la princesse qui fait partie de l'armée chinoise? Mulan
99%
Quelle princesse a embrassé une grenouille ? Tiana
99%
Quelle princesse est chef d'une tribu ? Vaiana
99%
Où est enfermé Raiponce? Dans une tour
97%
Quelle princesser est rousse et a un arc? Mérida
97%
Quelle princesse a des très longs cheveux ? Raiponce
97%
Qui est la sœur de la reine des neiges ? Anna
94%
Quel animal accompagne Mulan ? Dragon
94%
Quelle est la passion de Belle ? Les livres
94%
Pendant combien de temps Aurore dort ? (Dans le livre) 100 ans
92%
Aucun quiz correspondant
Distribution des résultats
% des personnes avec chaque résultat
Percentile par nombre de réponses
Votre historique - résultats
Vous n’avez pas pris ce quiz depuis la dernière actualisation